Регионална библиотека "Любен Каравелов" - Русе

Ари (Запис номер 21995)

MARC детайли
000 -Лидер
Контролно поле с фиксирана дължина 01888nam a2200433 c 4500
003 - Код на организацията, давaща контролен номер
Контролно поле BLK
005 - Дата и час на последна редакция
Контролно поле 20240910090632.0
008 - Елементи от данни с фиксирана дължина
fixed length control field 180413b bul|||||r ||||||| ||bul||
010 ## - Наследен системен номер
LC control number KNG00024327000
020 ## - Международен стандартен номер на книга ISBN
Международен стандартен номер на книга ISBN 954-8067-35-8
-- издат.: Princeps
040 ## - Източник на каталожния запис
Идентификатор на билиотеката - собственик на записа BLK
041 ## - Код за език
Код за езика на текст/звукозапис или на отделно заглавие Български
Код за езика КДБФ Български
080 ## - УДК
Текстов определител УДК Английска литература
УДК код - определител по УДК 821.111
УДК определител -94
УДК - код + определител 821.111-94
080 ## - УДК
Текстов определител УДК Морско корабоплаване
УДК код - определител по УДК 656.61
УДК определител (495)(092)(0:82-9)
УДК - код + определител 656.61(495)(092)(0:82-9)
080 ## - УДК
Текстов определител УДК
УДК код - определител по УДК 929 Онасис, Аристотел
УДК определител
УДК - код + определител 929 Онасис, Аристотел
100 1# - Редна дума - Автор
Автор Еванс, Питър
Авторска отговорност първи автор
R(LIN) 266088
139 ## - Редно поле
Редна дума Еванс, Питър
Авторски знак Ев - Е 13
245 10 - Сведения за заглавието
Заглавие Ари
Подзаглавни данни Животът и времето на Аристотел Онасис
Редно поле (дума) Питър Еванс; прев. от англ. Людмила Колечкова.
257 ## - Страна на издаване
Страна на създаване/издаване Великобритания
260 ## - Област на издателските данни
-- София
Име на издателя, разпространителя и проч. Princeps
Година на издаване 1998
Печатница В. Търново : Абагар
300 ## - Физическа характеристика
Страници 350 с.
Размери/Мащаб 24 см
380 ## - Жанр
Жанр Обществени науки
490 1# - СЕРИИ (Колекции)
Име на серия Библиотека Големите в бизнеса и политиката
№: серия № 2
500 ## - Общи забележки
Забележка Ориг. загл. Ari : The life and times of Aristotle Socrates Onassis / Peter Evans. - 4 000 тир.
600 14 - Име на лице, използвано като предмет
За него / За нея Онасис, Аристотел
9 (RLIN) 266089
650 #4 - Допълнително описание по предмет – тема
Основно описание – тема или топоним Бизнесмени
9 (RLIN) 148636
650 #4 - Допълнително описание по предмет – тема
Основно описание – тема или топоним Онасис, Аристотел
9 (RLIN) 266089
651 #4 - Допълнително описание по предмет - топоним
Географско понятие Гърция
9 (RLIN) 248438
653 ## - Ключова дума – ненормативна
Ключова дума Аристотел Онасис
653 ## - Ключова дума – ненормативна
Ключова дума бизнесмени
653 ## - Ключова дума – ненормативна
Ключова дума биографии
700 1# - Други автори (авторска отговорност)
Лично име Колечкова, Людмила
Автороска отговорност (Описва отношението между автора и произведението) прев. от англ.
9 (RLIN) 253599
852 ## - Местоположение
Форматна сигнатура Цб 197778
856 4# - Електронен адрес и достъп
Електронен формат pdf - файл
Път до файла /url/
856 4# - Електронен адрес и достъп
Електронен формат pdf - файл
Път до файла /url/
942 ## - АРТИКУЛИ
Вид на библиотечния материал Книги
Скрит в OPAC Не
Koha issues (borrowed), all copies 21
944 ## - СЪЗДАВАНЕ И РЕДАКЦИЯ на ЗАПИСА
Създаване/Редакция Създаване
Дата на регистрацията/редакция 15.01.2003
Статус, дата на статуса Русанова Ирена
Служител, извършил регистрацията/редакцията 30542
944 ## - СЪЗДАВАНЕ И РЕДАКЦИЯ на ЗАПИСА
Създаване/Редакция Редакция
Дата на регистрацията/редакция 18.02.2016
Статус, дата на статуса ф /
Служител, извършил регистрацията/редакцията Людмила_Стоянова
999 ## - СИСТЕМНИ КОНТРОЛНИ НОМЕРА
Koha biblionumber 21995
Koha biblioitemnumber 21995
Наличности
Код за отписване Код за изгубен артикул Източник на класификационната схема Код за повреда Коз за рестрикции Код за отдаване Артикулен № Име на библиотеката - собственик Име на библиотеката, в която се намира в момента Статус (Текущо местоположение) Дата на вписване в системата Местоположение - отдел Цена в лева Инвентарен номер Систематично азбучна сигнатура Баркод Номер на екземпляра Цена в евро Служебна бележка Служебен тип на артикула
  Не е изгубен Universal Decimal Classification Не е повреден без рестрикции ползва се в читалня 36360 Регионална библиотека "Любен Каравелов" Русе Регионална библиотека "Любен Каравелов" Русе Хранилище 2001-01-01 Хранилище 0.00 644222 Цб 197778 120000644222 1 0.00 Дост: Dp Вид: Д N: стар фонд Дата: 01.01.2001 Книги
Изтеглен Не е изгубен Universal Decimal Classification Не е повреден без рестрикции заемане за дома 36361 Регионална библиотека "Любен Каравелов" Русе Регионална библиотека "Любен Каравелов" Русе Заемна - подръчен фонд 2001-01-01 Заемна - подръчен фонд 12.00 642040 П 820-9/Е 13 642040 2 6.14 Дост: Pk Вид: Ф N: стар фонд Дата: 01.01.2001 Книги
  Не е изгубен Universal Decimal Classification Не е повреден без рестрикции заемане за дома 36362 Регионална библиотека "Любен Каравелов" Русе Регионална библиотека "Любен Каравелов" Русе Заемна - подръчен фонд 2003-11-20 Заемна - подръчен фонд 5.00 120000680241 П 820-9/Е 13 120000680241 3 2.56 Дост: DA Вид: А N: 29 Дата: 19.11.2003 Дата инв: 14.02.2018 Бележки инв: П2018 Книги
  Не е изгубен   Не е повреден без рестрикции заемане за дома 36363 Регионална библиотека "Любен Каравелов" Русе Регионална библиотека "Любен Каравелов" Русе Заемна - подръчен фонд 2016-01-28 Заемна - подръчен фонд 5.00 120000797222 П 820-9/Е 13 120000797222 4 2.56 Дост: DA Вид: А N: 4 Дата: 28.01.2016 Дата инв: 09.03.2018 Бележки инв: П2018 Книги
Vip Innovations Ltd, Rousse, Bulgaria 2025